000 00587nam a22001697a 4500
003 TZ-ArACH
005 20260414093109.0
008 260414b |||||||| |||| 00| 0 eng d
020 _a9788536262802
050 _aKHD2548
_b.O45 2016
100 _aOliveira, Antonio Francisco Gomes de
245 _aJurisdição Constitucional:
_bDiálogos Institucionais Como Terceira Via Entre o Ativismo e a Autocontenção Judicial
_cAntonio Francisco Gomes de Oliveira
300 _a219 p.
504 _aReferences and Index
650 _aConstitutional Jurisdiction
_zBrazil
942 _2lcc
_cBOOK
999 _c7849
_d7849